000 00269nam a22001217a 4500
003 OSt
008 250129b |||||||| |||| 00| 0 eng d
041 _aeng
100 _aSharma, RK
_97024
245 _aIrrigation and Drainage
700 _aSharma, TK
_97025
942 _cBK
999 _c19177
_d19177